000 01698nam a2200481 c 4500
999 _c179746
_d179746
003 BLK
005 20230802135339.0
008 180411b bul|||||r ||||||| ||bul||
010 _aKNG00188551000
020 _a978-954-337-301-7
040 _aBLK
041 _aBUL
_cBUL
072 7 _2bullib
_aН79
_xСпорт Н
072 7 _2bullib
_aЯ
_xАвтографи
072 7 _2bullib
_aК
_xКраезнание
072 7 _2bullib
_aРА
_xРусенски автори
080 _aВодно-моторен спорт
_b797.15
_x(497.215)(091)
_z797.15(497.215)(091)
100 _aНедков, Александър Георгиев
_d1946-
_9304267
139 _aНедков, Александър Георгиев
_bН 45
245 1 0 _aСледи по водата
_bБълг. присъствие и принос във водомоторния спорт
_cАлександър Георгиев Недков.
257 _aBGR
260 _bАвангард принт
_c2016
300 _a290 с.
_c23 см
380 _a79
500 _aБиблиогр. с. 286-287.
650 4 _aВоден транспорт - България
_9322023
651 4 _aРусе
_9179462
651 4 _aБългария
_9241624
653 _aводомоторен спорт
653 _aистория
659 _aК
659 _aН
659 _aЯ
852 _aЦб 281083
852 _aК 796/799/Н 45 А
856 4 _qpdf
856 4 _qpdf
942 _cKNG
_n0
_s1
944 _aCR
_c20.06.2016
_lТеодора Пейчева-Дянкова
_k30556
944 _aED
_c09.06.2017
_lф /
_kПенка_Димитрова
999 _d179746
999 _d179746